000 00493nmm a2200169Ia 4500
008 251105s9999||||xx |||||||||||||||||und||
020 _a8470306111
041 _aspa
100 _aMaldonado, Antonio
245 0 _aAprendizaje, cognición y comportamiento humano
264 _a[Madrid, España] :
_bBiblioteca Nueva,
_c2002
300 _a350 páginas
490 _aPsicología Universidad
650 _aPsychology
856 _uhttps://public.digitaliapublishing.com/a/4529
942 _cCF
999 _c73122
_d73122